|
|
|
|
| LEADER |
00000cam a2200000 7i4500 |
| 001 |
0000003040 |
| 005 |
20040410.0 |
| 020 |
0 |
0 |
|a 9290434201
|
| 090 |
0 |
0 |
|a 346.042
|b KEY 1999
|
| 245 |
0 |
0 |
|a KEY questions for decision-makers :
|b protection of plant varieties under the WTO Agreement on Trade-Related Aspects of Intellectual Property Rights
|
| 260 |
0 |
0 |
|a Rome :
|b International Plant Genetic Resources Institute ,
|c 1999
|
| 300 |
|
|
|a 23 p. ;
|c 24 cm.
|
| 440 |
0 |
0 |
|a Decision tools
|
| 650 |
0 |
0 |
|a Plant varieties
|
| 710 |
1 |
1 |
|a International Plant Genetic Resources Institute (IPGRI)
|
| 998 |
|
|
|a JPSM
|
| 999 |
|
|
|a 0000004225
|b Monograph
|c Open Shelf
|e Default branch
|